Multiplikatoren als vergleichswertorientierte Methode der Unternehmensbewertung
Saved in:
| Main Author: | |
|---|---|
| Format: | Book |
| Language: | German |
| Published: |
Konstanz
Hartung-Gorre Verlag
2008
|
| Subjects: | |
| Tags: |
No Tags, Be the first to tag this record!
|
MARC
| LEADER | 00000nam a2200000 4500 | ||
|---|---|---|---|
| 001 | 0184735 | ||
| 005 | 20240314090438.9 | ||
| 020 | |a 3-86628-197-8 | ||
| 020 | |a 978-3-86628-197-4 | ||
| 041 | 0 | |a ger | |
| 044 | |a DE | ||
| 245 | 1 | 0 | |a Multiplikatoren als vergleichswertorientierte Methode der Unternehmensbewertung |c Kai L. Stober |
| 264 | 1 | |a Konstanz |b Hartung-Gorre Verlag |c 2008 | |
| 300 | |a xv, 104 s. [5,2 AH] | ||
| 610 | 2 | 0 | |a oceňovanie |
| 610 | 2 | 0 | |a podnik |
| 610 | 2 | 0 | |a ohodnocovanie podniku |
| 100 | 1 | |a Stober, Kai L., 1981- | |